000 00581cam a22001697a 4500
008 180718b1952 xxu||||| |||| 00| 0 eng d
082 _aDx73 L262c
100 _aLanger, William L.
245 _aChallenge to isolation, 1937-1940
_cby William L. Langer and S. Everett Gleason
260 _aNew York
_bHarper
_c1952
300 _a794p.
500 _aCouncil on Foreign Relations
650 _aUnited States --Foreign relations --1933-1945
650 _aWorld War, 1939-1945 --Diplomatic history
650 _aWorld War, 1939-1945 --United States
700 _aGleason, S. Everett
999 _c479933
_d479933